Sports Quiz

Random Sports or Hockey Quiz

NHL Europeans Playing in Canada Quiz Stats

 Plays Quiz not verified by Sporcle

Score 0/41 Timer 10:00
0 Plays Today
Team Country % Correct
Vancouver CanucksDaniel Sedin
92.1%
Vancouver CanucksHenrik Sedin
92.1%
Ottawa SenatorsDaniel Alfredsson
81.1%
Edmonton OilersAles Hemsky
73.2%
Montreal CanadiensAndrei Kostitsyn
72.4%
Montreal CanadiensAndrei Markov
70.1%
Toronto Maple LeafsTomas Kaberle
70.1%
Calgary FlamesMikka Kiprusoff
69.3%
Toronto Maple LeafsJonas Gustavsson
69.3%
Calgary FlamesOlli Jokinen
68.5%
Montreal CanadiensTomas Plekanec
66.1%
Ottawa SenatorsAlex Kovalev
63%
Toronto Maple LeafsMikhail Grabovski
62.2%
Vancouver CanucksChristian Ehrhoff
61.4%
Vancouver CanucksSami Salo
61.4%
Montreal CanadiensLars Eller
56.7%
Toronto Maple LeafsNikolai Kulemin
56.7%
Vancouver CanucksAlexander Edler
56.7%
Vancouver CanucksMikael Samuelsson
56.7%
Calgary FlamesHenrik Karlsson
55.9%
Ottawa SenatorsErik Karlsson
55.9%
Team Country % Correct
Ottawa SenatorsSergei Gonchar
54.3%
Ottawa SenatorsMilan Michalek
48.8%
Vancouver CanucksJannik Hansen
46.5%
Edmonton OilersMagnus Paajarvi
44.9%
Montreal CanadiensRoman Hamrlik
44.9%
Edmonton OilersNikolai Khabibulin
44.1%
Calgary FlamesNiklas Hagman
41.7%
Edmonton OilersLadislav Smid
41.7%
Montreal CanadiensJaroslav Spacek
40.2%
Ottawa SenatorsJarkko Ruutu
40.2%
Ottawa SenatorsPeter Regin
37.8%
Calgary FlamesMikael Backlund
36.2%
Toronto Maple LeafsCarl Gunnarsson
36.2%
Montreal CanadiensYannick Weber
33.9%
Edmonton OilersMartin Gerber
32.3%
Ottawa SenatorsFilip Kuba
29.1%
Toronto Maple LeafsFredrik Sjostrom
26%
Calgary FlamesAnton Babchuk
20.5%
Calgary FlamesAles Kotalik
17.3%
Calgary FlamesRaitis Ivanans
15%

You're not logged in!

Compare scores with friends on all Sporcle quizzes.
OR
Log In

Show Comments

Extras

Top Quizzes Today


Score Distribution

Your Account Isn't Verified!

In order to create a playlist on Sporcle, you need to verify the email address you used during registration. Go to your Sporcle Settings to finish the process.

Report this User

Report this user for behavior that violates our Community Guidelines.

Details: